00441nam a2200157Ia 4500003000400000008004100004040001600045082001600061100002100077245004600098260005100144300001000195650001600205650002800221650003400249GCL140319s9999 xx 000 0 eng d aGCL / cGCL04a530.92bH A1 aHOFMANN, JAMES R10aANDRE - MORIE AMPERE / cHOFMANN, JAMES R a[S.N] : bCAMBRIDGE UNIVERSITY PRESS ، c1996 a406 P04aBIOGRAPHIES04aSCIENTISTS - PHYSICIANS04aAMPERE, ANDRE MARIE 1775-1836